000 00775nam a2200277Ia 4500
003 OSt
005 20221006160235.0
006 a|||||r|||| 00| 0
007 ta
008 221006b |||||||| |||| 00| 0 chi d
020 _a9788983670960
_cW10,000
024 _a44,718
037 _bgift, Window on Korea
_cAnnuals, Advances
040 _aEASL
_cEASL
_bchi
041 _2chi
_achi
082 _aY:351.495, P6
100 _aCho Holly Tr.
_9672603
245 0 _aTortoise and the Hare
260 _aSeoul
_bOnnuri Korea
_c2006
300 _a56p.
_ccm.
490 _v KEL
650 _a KEL
650 _aKorea - Folktale
_9672604
942 _hY:351.495, P6
_cREF
_2CC
999 _c1112810
_d1112810